| 000 | 00904cab a2200181 4500 | ||
|---|---|---|---|
| 001 | ##L133438 | ||
| 008 | 060508n2006 000 0 eng u | ||
| 035 | _a(Sirsi) u133438 | ||
| 041 | 0 | _aeng | |
| 100 | 1 | _aGardiner, Joey | |
| 245 | 0 | 0 | _aDesign faults |
| 260 | _c2006 | ||
| 490 | 0 |
_aRegeneration and Renewal _v28 April 2006, 19-23(3) |
|
| 520 | _aWhilst high-quality design has been identified as a key factor in improving the environment, the design quality of many new public sector buildings has been extremely poor. Much of the blame for this can be attributed to lengthy and complex design competitions, too many of which go ahead before the commissioning body really knows what it wants. Outlines the steps that can be taken to avoid or minimise these problems. | ||
| 590 | _aIKA090506 | ||
| 690 | _aBUILT ENVIRONMENT-CONSTRUCTION MANAGEMENT-CONSTRUCTION DESIGN AND MANAGEMENT | ||
| 942 | _n0 | ||
| 999 |
_c77005 _d77005 |
||